Giáo trình quản lý tài chính công
Gorde:
| Formatua: | Liburua |
|---|---|
| Argitaratua: |
Tài chính
2007
|
| Etiketak: |
Etiketa erantsi
Etiketarik gabe, Izan zaitez lehena erregistro honi etiketa jartzen!
|
| Thư viện lưu trữ: | Mạng thư viện Đại học Đà Nẵng |
|---|
| LEADER | 00546nam a2200217 a 4500 | ||
|---|---|---|---|
| 001 | 000029613 | ||
| 003 | 29211 | ||
| 005 | 20171030145630.0 | ||
| 008 | 171030s2007 | ||
| 020 | |c 65000 | ||
| 040 | |a LTT | ||
| 082 | 0 | |a 336.01 |b GI-T | |
| 245 | 0 | 0 | |a Giáo trình quản lý tài chính công |c Dương Đăng Chinh, Phạm Văn Khoan. |
| 260 | |b Tài chính |c 2007 | ||
| OWN | |a LTT | ||
| 999 | |a From the UDN01 | ||
| TYP | |a Monograph | ||
| TYP | |a Printed language | ||
| 980 | |a Mạng thư viện Đại học Đà Nẵng | ||